[Event "Skilling Open Prelim"]
[Site "chess24.com INT"]
[Date "2020.11.24"]
[Round "12.4"]
[White "Karjakin, Sergey"]
[Black "Anton Guijarro, D"]
[Result "0-1"]
[WhiteElo "2752"]
[BlackElo "2675"]
[EventDate "2020.11.22"]
[WhiteTitle "GM"]
[BlackTitle "GM"]
[WhiteFideId "14109603"]
[BlackFideId "2285525"]

1.e4 e5 2.Nf3 Nc6 3.Bc4 Bc5 4.c3 Nf6 5.d3 d6 6.h3 h6 7.Nbd2 a5 8.Nf1 O-O 
9.Ng3 d5 10.exd5 Nxd5 11.O-O Nb6 12.Bb5 Bd6 13.d4 exd4 14.Bxc6 bxc6 15.
Nxd4 Qf6 16.Ne4 Qg6 17.Nxd6 cxd6 18.Nxc6 Re8 19.Nd4 Bxh3 20.Qf3 Bd7 21.b3 
Re4 22.Bf4 Nd5 23.Bd2 Rae8 24.Rfe1 Nf6 25.Rxe4 Nxe4 26.Bf4 h5 27.Re1 h4 
28.c4 Kh7 29.Qd3 h3 30.g3 f5 31.Qf1 Qh5 32.f3 h2+ 33.Kh1 Nf6 34.Rxe8 Nxe8 
35.Qe2 Qf7 36.a4 Qf6 37.Qxh2+ Kg8 38.Qd2 Nc7 39.Nb5 Ne6 40.Qxd6 Qa1+ 41.
Kg2 Qe1 42.Qb8+ Kh7 43.Qe5 Qd1 44.Qxf5+ g6 45.Qf7+ Ng7 46.Be3 Bh3+ 47.Kh2 
Qf1 0-1

[Event "Skilling Open Prelim"]
[Site "chess24.com INT"]
[Date "2020.11.24"]
[Round "11.6"]
[White "Anton Guijarro, D"]
[Black "Giri, A"]
[Result "1/2-1/2"]
[WhiteElo "2675"]
[BlackElo "2764"]
[EventDate "2020.11.22"]
[WhiteTitle "GM"]
[BlackTitle "GM"]
[WhiteFideId "2285525"]
[BlackFideId "24116068"]

1.d4 Nf6 2.c4 e6 3.Nc3 Bb4 4.e3 O-O 5.Bd2 d5 6.Nf3 b6 7.cxd5 exd5 8.Bd3 
Bd6 9.O-O Re8 10.Rc1 c5 11.Bb5 Bd7 12.b3 a6 13.Bxd7 Nbxd7 14.dxc5 Nxc5 15.
Ne2 Nce4 16.Bc3 Nxc3 17.Nxc3 Qd7 18.Na4 Qb7 19.Qd4 Rab8 20.Rc2 b5 21.Nc5 
Bxc5 22.Rxc5 Ne4 23.Rc2 Rbc8 24.Rfc1 h6 25.Qd3 b4 26.Nd4 Rc3 27.Rxc3 Nxc3 
28.a3 a5 29.g3 g6 30.h4 h5 31.Rc2 Ra8 32.Rc1 Re8 33.Rc2 Ra8 34.Rc1 Re8 
1/2-1/2

[Event "Skilling Open Prelim"]
[Site "chess24.com INT"]
[Date "2020.11.24"]
[Round "11.5"]
[White "Radjabov, T"]
[Black "Karjakin, Sergey"]
[Result "1-0"]
[WhiteElo "2765"]
[BlackElo "2752"]
[EventDate "2020.11.22"]
[WhiteTitle "GM"]
[BlackTitle "GM"]
[WhiteFideId "13400924"]
[BlackFideId "14109603"]

1.d4 Nf6 2.c4 e6 3.Nf3 d5 4.Nc3 Be7 5.Bg5 O-O 6.e3 Nbd7 7.Rc1 h6 8.Bh4 c5 
9.cxd5 Nxd5 10.Bxe7 Nxe7 11.Be2 cxd4 12.Nxd4 Nf6 13.O-O Bd7 14.Qb3 Rb8 15.
Qa3 a6 16.Rfd1 Re8 17.Nb3 Qb6 18.Na5 Nc6 19.Nc4 Qa7 20.Nd6 Red8 21.b4 Qb6 
22.Rb1 Ne5 23.b5 axb5 24.Ncxb5 Ne8 25.f4 Ra8 26.Qc3 Bxb5 27.Rxb5 Qc6 28.
Rc5 Rxd6 29.Rxc6 Rxd1+ 30.Bxd1 Nxc6 31.Qb3 Ra7 32.Bf3 Na5 33.Qb5 Ra8 34.
Qc5 g6 35.g4 Ng7 36.h3 Ne8 37.Kg2 Ng7 38.Kg3 Ne8 39.a4 Ng7 40.Qb4 Ra6 41.
Be2 Ra8 42.Bb5 Kh7 43.Qe7 Kg8 44.Qc7 Kf8 45.e4 Kg8 46.Kf3 g5 47.f5 exf5 
48.gxf5 Nh5 49.Qe7 Nb3 50.Kg4 Ng7 51.Bc4 1-0

[Event "Skilling Open Prelim"]
[Site "chess24.com INT"]
[Date "2020.11.24"]
[Round "12.7"]
[White "Vidit, S"]
[Black "Nepomniachtchi, I"]
[Result "1/2-1/2"]
[WhiteElo "2726"]
[BlackElo "2784"]
[EventDate "2020.11.22"]
[WhiteTitle "GM"]
[BlackTitle "GM"]
[WhiteFideId "5029465"]
[BlackFideId "4168119"]

1.d4 Nf6 2.c4 g6 3.Nc3 d5 4.Nf3 Bg7 5.cxd5 Nxd5 6.e4 Nxc3 7.bxc3 c5 8.h3 
O-O 9.Be2 Nc6 10.Be3 Qa5 11.O-O cxd4 12.cxd4 Bd7 13.Rb1 b6 14.a4 Nd8 15.
Bb5 Bxb5 16.axb5 Qa2 17.Qd3 Nb7 18.Ra1 Qe6 19.Ra6 Qd7 20.Ra3 Rfc8 21.e5 
Na5 22.Rc1 Rxc1+ 23.Bxc1 Rc8 24.Rc3 e6 25.Ba3 h6 26.Bd6 Rxc3 27.Qxc3 Qxb5 
28.Qc8+ Kh7 29.Qc7 Qb1+ 30.Kh2 Qf5 31.Qxa7 Nc4 32.Qc7 b5 33.Qc6 Qf4+ 34.
Kg1 Qc1+ 35.Kh2 Qb2 36.Qe8 Nd2 37.Nxd2 Qxd2 38.Qxf7 Qxd4 39.f4 g5 40.fxg5 
hxg5 41.Qh5+ Bh6 42.Qf7+ Bg7 43.Qh5+ Bh6 44.Qf7+ Bg7 1/2-1/2

[Event "Skilling Open Prelim"]
[Site "chess24.com INT"]
[Date "2020.11.24"]
[Round "13.7"]
[White "Aronian, L"]
[Black "Giri, A"]
[Result "1-0"]
[WhiteElo "2781"]
[BlackElo "2764"]
[EventDate "2020.11.22"]
[WhiteTitle "GM"]
[BlackTitle "GM"]
[WhiteFideId "13300474"]
[BlackFideId "24116068"]

1.e4 c5 2.Nf3 d6 3.Bc4 Nf6 4.d3 e6 5.O-O Be7 6.c3 O-O 7.Re1 a6 8.Bb3 b5 9.
Bf4 Bb7 10.Nbd2 Nbd7 11.h3 Re8 12.d4 cxd4 13.cxd4 Nb6 14.Qe2 Rc8 15.Bh2 h6
16.Rad1 d5 17.e5 Ne4 18.Bf4 Na4 19.Rb1 Nb6 20.Nf1 Nc4 21.Ng3 a5 22.Bc2 
Ncd2 23.Rbc1 Nxf3+ 24.Qxf3 Rc4 25.Ne2 b4 26.Qg4 Bg5 27.f3 f5 28.exf6 Nxf6 
29.Bxg5 hxg5 30.Qxg5 Qd6 31.Bd3 Rxc1 32.Rxc1 Ba6 33.Bxa6 Qxa6 34.Rc7 1-0

[Event "Skilling Open Prelim"]
[Site "chess24.com INT"]
[Date "2020.11.24"]
[Round "13.3"]
[White "Carlsen, M"]
[Black "Vidit, S"]
[Result "1-0"]
[WhiteElo "2862"]
[BlackElo "2726"]
[EventDate "2020.11.22"]
[WhiteTitle "GM"]
[BlackTitle "GM"]
[WhiteFideId "1503014"]
[BlackFideId "5029465"]

1.e4 e5 2.Nf3 Nc6 3.Bc4 Bc5 4.d3 Nf6 5.a4 d6 6.a5 a6 7.c3 Ba7 8.O-O O-O 9.
Be3 Bxe3 10.fxe3 Be6 11.Bxe6 fxe6 12.Nbd2 d5 13.Qb3 Qd6 14.exd5 Qxd5 15.e4
Qxd3 16.Qxb7 Nxe4 17.Qxc6 Nxd2 18.Nxd2 Qxd2 19.Qxe6+ Kh8 20.Qxa6 Qxb2 21.
Rxf8+ Rxf8 22.Rf1 Rxf1+ 23.Qxf1 h6 24.Qf8+ Kh7 25.Qf5+ Kh8 26.Qxe5 Qc1+ 
27.Kf2 Qd2+ 28.Kf3 Qd3+ 29.Kf4 Qd2+ 30.Kf5 Qd3+ 31.Ke6 Qc4+ 32.Kd7 c5 33.
Qb8+ Kh7 34.Qb1+ Kh8 35.Qb6 Qxc3 36.a6 Qd2+ 37.Kc8 c4 38.a7 Qxg2 39.Qb8 
Qc6+ 40.Kd8 Qd5+ 41.Ke7+ Kh7 42.a8=Q Qg5+ 43.Kd7 Qf5+ 44.Kc6 Qe4+ 45.Kc5 
Qe3+ 46.Kxc4 Qe2+ 47.Kb3 Qd3+ 48.Kb2 Qd2+ 49.Ka1 Qd4+ 50.Qb2 1-0

[Event "Skilling Open Prelim"]
[Site "chess24.com INT"]
[Date "2020.11.24"]
[Round "12.2"]
[White "Ding Liren"]
[Black "Aronian, L"]
[Result "1/2-1/2"]
[WhiteElo "2791"]
[BlackElo "2781"]
[EventDate "2020.11.22"]
[WhiteTitle "GM"]
[BlackTitle "GM"]
[WhiteFideId "8603677"]
[BlackFideId "13300474"]

1.d4 Nf6 2.c4 e6 3.g3 d5 4.Bg2 Be7 5.Nf3 O-O 6.O-O dxc4 7.Qc2 a6 8.a4 Bd7 
9.Qxc4 Bc6 10.Bf4 Bd6 11.Qc1 h6 12.Re1 Nbd7 13.Nc3 Ne4 14.Ne5 Bxe5 15.dxe5
Nxc3 16.Bxc6 Nxe2+ 17.Rxe2 bxc6 18.Bxh6 gxh6 19.Qxh6 Qe7 20.Re4 f5 21.Rh4 
Qg7 22.Qxe6+ Qf7 23.Qh6 Qg7 24.Qxc6 Nxe5 25.Qd5+ Nf7 26.Qxf5 Ne5 27.Qe6+ 
Qf7 28.Qxe5 Qxf2+ 29.Kh1 Qf3+ 30.Kg1 Qf2+ 31.Kh1 Qf3+ 32.Kg1 Qf2+ 1/2-1/2

[Event "Skilling Open Prelim"]
[Site "chess24.com INT"]
[Date "2020.11.24"]
[Round "11.3"]
[White "Nepomniachtchi, I"]
[Black "Le Quang Liem"]
[Result "1/2-1/2"]
[WhiteElo "2784"]
[BlackElo "2709"]
[EventDate "2020.11.22"]
[WhiteTitle "GM"]
[BlackTitle "GM"]
[WhiteFideId "4168119"]
[BlackFideId "12401137"]

1.e4 e5 2.Nf3 Nc6 3.Bb5 Nf6 4.O-O Nxe4 5.Re1 Nd6 6.Nxe5 Be7 7.Bf1 Nf5 8.
Nf3 O-O 9.d4 d5 10.Nc3 Bf6 11.Ne2 Re8 12.c3 g6 13.Nf4 Rxe1 14.Qxe1 Ng7 15.
Ne5 Bf5 16.Nxc6 bxc6 17.Nd3 Bxd3 18.Bxd3 Ne6 19.Be3 Bg5 20.Ba6 Bxe3 21.
Qxe3 Qd6 22.Qg3 Rb8 23.b4 c5 24.Qxd6 cxd6 25.a3 c4 26.a4 Nc7 27.Bb5 Nxb5 
28.axb5 Rb7 29.Ra6 Kf8 30.Rxd6 Rxb5 31.Ra6 Rb7 32.h4 Re7 33.Kf1 Ke8 34.Ra5
Rd7 35.Ke2 Re7+ 36.Kf3 Re1 37.Rxd5 Rc1 38.Re5+ Kd7 39.Re3 h5 40.Kf4 f6 41.
f3 Kd6 42.g4 hxg4 43.fxg4 Rh1 44.Rf3 Ke6 45.Re3+ Kd6 46.Re2 Rxh4 47.Ra2 
Rh3 48.Ra6+ Kd5 49.Ra5+ Kd6 50.Ke4 Rxc3 51.Ra6+ Kc7 52.Rxf6 Rg3 53.Rxg6 c3
54.Kd5 Kb7 55.Rc6 a5 56.bxa5 Rxg4 57.Rxc3 Rg5+ 58.Ke6 Rxa5 59.d5 Ra1 60.
Kd7 Kb6 61.d6 Ra7+ 62.Ke6 Rh7 63.d7 Rh6+ 64.Ke5 Rh5+ 65.Ke4 Rh4+ 66.Ke3 
Rh3+ 67.Kd2 Rh2+ 68.Ke3 Rh3+ 69.Ke4 Rh4+ 70.Ke5 Rh5+ 71.Kf6 Rh6+ 72.Ke5 
Rh5+ 1/2-1/2

[Event "Skilling Open Prelim"]
[Site "chess24.com INT"]
[Date "2020.11.24"]
[Round "12.6"]
[White "Le Quang Liem"]
[Black "Carlsen, M"]
[Result "1/2-1/2"]
[WhiteElo "2709"]
[BlackElo "2862"]
[EventDate "2020.11.22"]
[WhiteTitle "GM"]
[BlackTitle "GM"]
[WhiteFideId "12401137"]
[BlackFideId "1503014"]

1.d4 Nf6 2.c4 e6 3.Nf3 d5 4.Nc3 c6 5.e3 Nbd7 6.Qc2 Bd6 7.b3 O-O 8.Be2 e5 
9.cxd5 cxd5 10.Nb5 Bb4+ 11.Bd2 Bxd2+ 12.Nxd2 a6 13.dxe5 Nxe5 14.Nd4 Bg4 
15.Bxg4 Nfxg4 16.O-O Rc8 17.Qf5 g6 18.Qf4 Qe7 19.N2f3 Nxf3+ 20.Qxf3 Nf6 
21.Rfc1 Ne4 22.Qd1 Qf6 23.Rc2 Rc5 24.Rac1 Rfc8 25.f3 Rxc2 26.Rxc2 Rxc2 27.
Qxc2 Nd6 28.h3 Nb5 29.Nxb5 axb5 30.Qc8+ Kg7 31.Qxb7 Qa1+ 32.Kh2 Qe5+ 33.
Kh1 Qa1+ 34.Kh2 Qe5+ 35.Kh1 Qa1+ 36.Kh2 1/2-1/2

[Event "Skilling Open Prelim"]
[Site "chess24.com INT"]
[Date "2020.11.24"]
[Round "13.2"]
[White "Nepomniachtchi, I"]
[Black "So, W"]
[Result "1/2-1/2"]
[WhiteElo "2784"]
[BlackElo "2770"]
[EventDate "2020.11.22"]
[WhiteTitle "GM"]
[BlackTitle "GM"]
[WhiteFideId "4168119"]
[BlackFideId "5202213"]

1.e4 e5 2.Nf3 Nc6 3.Bb5 Nf6 4.O-O Nxe4 5.Re1 Nd6 6.Nxe5 Be7 7.Bf1 Nxe5 8.
Rxe5 O-O 9.d4 Bf6 10.Re1 Re8 11.Rxe8+ Nxe8 12.d5 d6 13.h3 Bd7 14.Qd3 a5 
15.Nc3 Bg5 16.Bxg5 Qxg5 17.Re1 Nf6 18.Ne4 Nxe4 19.Qxe4 h6 20.h4 Qd2 21.Re2
Qb4 22.Qe7 Bb5 23.c4 Qxc4 24.Re1 Qxd5 25.Qxc7 Bxf1 26.Kxf1 Qb5+ 27.Kg1 
Qxb2 28.Re7 Qxa2 29.Qxb7 Rf8 30.g3 a4 31.Qa6 d5 32.Ra7 Qb1+ 33.Kh2 Qc2 34.
Qb6 Re8 35.Rc7 Qb3 36.Qc6 Rf8 37.Ra7 a3 38.Qc5 a2 39.Qa5 h5 40.Qxa2 Qxa2 
41.Rxa2 Rd8 42.Kg2 Kh7 43.Kf3 Kg6 44.Kf4 Rd7 45.Ra6+ f6 46.Ra3 Kf7 47.Ke3 
Ke6 48.Kf4 g6 49.Ra6+ Rd6 50.Ra3 Rd7 51.Ra6+ Ke7 52.Ke3 Rd6 53.Ra3 Ke6 54.
Kf4 Kd7 55.Ke3 Re6+ 56.Kd4 Re5 57.Ra6 Ke7 58.f4 Re4+ 59.Kxd5 Re3 60.Ra7+ 
Kf8 61.Rb7 Kg8 62.Ra7 Kf8 63.Rb7 Rxg3 64.Ke6 Rg4 65.Kxf6 Rxf4+ 66.Kxg6 
Rxh4 67.Rb5 Rh3 68.Rxh5 Rxh5 69.Kxh5 1/2-1/2

[Event "Skilling Open Prelim"]
[Site "chess24.com INT"]
[Date "2020.11.24"]
[Round "11.2"]
[White "Svidler, P"]
[Black "Vidit, S"]
[Result "0-1"]
[WhiteElo "2723"]
[BlackElo "2726"]
[EventDate "2020.11.22"]
[WhiteTitle "GM"]
[BlackTitle "GM"]
[WhiteFideId "4102142"]
[BlackFideId "5029465"]

1.c4 c5 2.g3 Nc6 3.Bg2 g6 4.Nc3 Bg7 5.Nf3 d6 6.O-O Rb8 7.e3 Nf6 8.d4 O-O 
9.b3 Be6 10.Bb2 cxd4 11.Nxd4 Nxd4 12.Qxd4 Nd5 13.Qd2 Nxc3 14.Bxc3 Bxc3 15.
Qxc3 Qc7 16.Rac1 Rfc8 17.Qb2 Qa5 18.Rfd1 b5 19.b4 bxc4 20.a3 Qa4 21.Rd2 a5
0-1

[Event "Skilling Open KO 2020"]
[Site "chess24.com INT"]
[Date "2020.11.25"]
[Round "1.14"]
[White "Giri, A"]
[Black "Carlsen, M"]
[Result "0-1"]
[WhiteElo "2764"]
[BlackElo "2862"]
[EventDate "2020.11.25"]
[WhiteTitle "GM"]
[BlackTitle "GM"]
[WhiteFideId "24116068"]
[BlackFideId "1503014"]

1.e4 e5 2.Nf3 Nc6 3.Bc4 Bc5 4.O-O Nf6 5.d3 d6 6.c3 h6 7.Nbd2 O-O 8.Re1 a5 
9.Nf1 Be6 10.Bb5 Ne7 11.d4 Ba7 12.dxe5 Ng4 13.Be3 Nxe3 14.Nxe3 dxe5 15.
Nxe5 Ng6 16.Nxg6 fxg6 17.Qxd8 Raxd8 18.Re2 Bxe3 19.fxe3 Kf7 20.Ba4 Ke7 21.
h3 Bc4 22.Rc2 Rd3 23.Re1 Kd6 24.Bb3 Ba6 25.Rcc1 Ke5 26.Rcd1 Rfd8 27.Rxd3 
Bxd3 28.Kf2 Rd6 29.Bd1 Bc4 30.b3 Rd2+ 31.Kg3 Be6 32.Rf1 Rxa2 33.Bg4 Bxb3 
34.Rf8 Kxe4 35.Rc8 Kxe3 36.Rxc7 Bd5 37.Bf3 Bxf3 38.gxf3 Rb2 39.Rxg7 Rb6 
40.c4 Kd4 41.Rc7 a4 42.c5 Ra6 43.Rxb7 Kxc5 44.Rc7+ Kb6 45.Rc1 a3 46.h4 a2 
47.Ra1 Ra4 48.f4 h5 49.Kf3 Kc5 50.Ke3 Kd5 51.Kf3 Ke6 0-1

[Event "Skilling Open KO 2020"]
[Site "chess24.com INT"]
[Date "2020.11.26"]
[Round "1.33"]
[White "Radjabov, T"]
[Black "So, W"]
[Result "1/2-1/2"]
[WhiteElo "2765"]
[BlackElo "2770"]
[EventDate "2020.11.25"]
[WhiteTitle "GM"]
[BlackTitle "GM"]
[WhiteFideId "13400924"]
[BlackFideId "5202213"]

1.Nf3 d5 2.e3 Nf6 3.b3 e6 4.Bb2 Be7 5.g3 O-O 6.Bg2 c5 7.O-O Nc6 8.d3 b6 9.
Nbd2 Bb7 10.Re1 Nd7 11.e4 d4 12.h4 b5 13.a3 Rc8 14.Qe2 Qc7 15.Bc1 Nb6 16.
Ng5 h6 17.Nh3 c4 18.bxc4 bxc4 19.Nf4 Ne5 20.Nf3 cxd3 21.cxd3 Nxf3+ 22.Qxf3
Qc3 23.Rd1 Qxa1 24.Bd2 Qxa3 25.Nh5 Rc5 26.Bh3 Kh7 27.Qg4 Rxh5 28.Qxh5 Qxd3
29.Bg2 Qc2 30.Bf4 Bxe4 31.Rc1 Qd3 32.Rd1 Qc2 33.Rc1 Qd3 34.Rd1 Qc2 1/2-1/2

[Event "Skilling Open KO 2020"]
[Site "chess24.com INT"]
[Date "2020.11.30"]
[Round "3.22"]
[White "Carlsen, M"]
[Black "So, W"]
[Result "0-1"]
[WhiteElo "2862"]
[BlackElo "2770"]
[EventDate "2020.11.25"]
[WhiteTitle "GM"]
[BlackTitle "GM"]
[WhiteFideId "1503014"]
[BlackFideId "5202213"]

1.d4 Nf6 2.c4 e6 3.Nf3 d5 4.Nc3 c5 5.cxd5 cxd4 6.Qxd4 exd5 7.e4 dxe4 8.
Qxd8+ Kxd8 9.Ng5 Be6 10.Nxe6+ fxe6 11.Bc4 Ke7 12.O-O Nbd7 13.Rd1 Rc8 14.
Be2 a6 15.Be3 Rc6 16.Rac1 Kd8 17.Bd4 Bd6 18.Na4 Rxc1 19.Rxc1 Ke7 20.g3 Rd8
21.Be3 Nd5 22.Bg5+ N7f6 23.Nc5 Bxc5 24.Rxc5 h6 25.Bc1 Nb4 26.Rc7+ Rd7 27.
Rxd7+ Kxd7 28.Bd2 Nfd5 29.a3 Nd3 30.b3 Kd6 31.f3 Nc5 32.fxe4 Nxe4 33.Bc1 
e5 34.b4 Nec3 35.Bf1 e4 36.Kf2 Ke5 37.Bh3 b6 38.Bb2 Kd4 39.Bf1 b5 40.Ke1 
Ke3 41.Bc1+ Kd4 42.Bb2 e3 43.Ba1 g6 44.Bh3 Kd3 45.Bc8 Nb1 46.Bb2 Nd2 47.
Bg4 Nc3 48.Bxc3 Kxc3 49.Ke2 Nc4 50.Bc8 Nxa3 51.Bxa6 Kd4 52.h4 Nb1 53.Kd1 
Nc3+ 54.Kc2 g5 55.hxg5 hxg5 56.g4 Kc4 57.Bc8 Kxb4 58.Kd3 e2 59.Kd2 Ka3 60.
Bf5 b4 61.Bd3 b3 0-1

[Event "Skilling Open KO 2020"]
[Site "chess24.com INT"]
[Date "2020.11.25"]
[Round "1.11"]
[White "So, W"]
[Black "Radjabov, T"]
[Result "0-1"]
[WhiteElo "2770"]
[BlackElo "2765"]
[EventDate "2020.11.25"]
[WhiteTitle "GM"]
[BlackTitle "GM"]
[WhiteFideId "5202213"]
[BlackFideId "13400924"]

1.e4 e5 2.Nf3 Nc6 3.Bc4 Bc5 4.c3 Nf6 5.d3 O-O 6.O-O d6 7.h3 a6 8.a4 h6 9.
Re1 Re8 10.Nbd2 Be6 11.Bxe6 Rxe6 12.b4 Ba7 13.Nf1 Qd7 14.Qc2 Rd8 15.b5 Ne7
16.d4 Ng6 17.Ng3 axb5 18.axb5 Bb6 19.Rb1 Ree8 20.Be3 Qe7 21.Rbd1 Nd7 22.
Nf5 Qe6 23.Bc1 Qc4 24.Bxh6 gxh6 25.Qd2 f6 26.d5 Ndf8 27.Nxh6+ Kg7 28.Nf5+ 
Kg8 29.Nh6+ Kg7 30.Nf5+ Kg8 31.Nh2 Nf4 32.Ng4 Nh7 33.g3 Ng5 34.Nh4 Kf7 35.
gxf4 Nxh3+ 36.Kh2 Nxf4 37.Nh6+ Ke7 38.Rg1 Kd7 39.Ra1 Qxe4 40.N4f5 Rg8 41.
Nxg8 Qxf5 42.Rg7+ Ke8 43.Qd1 Qh3+ 44.Kg1 Kf8 45.Rg4 Kf7 0-1

[Event "Skilling Open KO 2020"]
[Site "chess24.com INT"]
[Date "2020.11.25"]
[Round "1.12"]
[White "Nepomniachtchi, I"]
[Black "Aronian, L"]
[Result "1-0"]
[WhiteElo "2784"]
[BlackElo "2781"]
[EventDate "2020.11.25"]
[WhiteTitle "GM"]
[BlackTitle "GM"]
[WhiteFideId "4168119"]
[BlackFideId "13300474"]

1.e4 e5 2.Nf3 Nc6 3.Bc4 Bc5 4.c3 Nf6 5.d3 O-O 6.O-O d5 7.exd5 Nxd5 8.Re1 
Bg4 9.h3 Bh5 10.Nbd2 Nb6 11.Bb3 Kh8 12.Ne4 Nd7 13.Bd5 Bb6 14.Ng3 Bxf3 15.
Qxf3 f5 16.d4 f4 17.Ne4 exd4 18.Bxc6 bxc6 19.Bxf4 dxc3 20.bxc3 Ne5 21.Qg3 
Nd3 22.Rad1 Nxe1 23.Rxd8 Raxd8 24.Be5 Rd7 25.Kh2 Nd3 26.Bxg7+ Rxg7 27.Qxd3
c5 28.c4 c6 29.g3 Bc7 30.h4 Be5 31.f4 Bd4 32.Ng5 Re7 33.Qf3 h6 34.Qh5 Kg7 
35.Nf3 Rf6 36.Kh3 Rg6 37.f5 Rf6 38.g4 Re3 39.g5 hxg5 40.hxg5 Rxf5 41.Qh6+ 
Kf7 42.Qh7+ Ke6 43.Qg6+ Rf6 44.gxf6 Rxf3+ 45.Kg4 Rf2 46.Qh7 Rg2+ 47.Kh3 
Rxa2 48.Qe7+ Kf5 49.f7 Ra3+ 50.Kg2 Ra2+ 51.Kf1 Bg7 52.f8=Q+ Bxf8 53.Qxf8+ 
Ke4 54.Qxc5 Ra6 55.Qd6 Kf3 56.Qd3+ Kf4 57.Qd4+ Kf3 58.c5 Ra3 59.Qf6+ 1-0

[Event "Skilling Open KO 2020"]
[Site "chess24.com INT"]
[Date "2020.11.25"]
[Round "1.11"]
[White "Carlsen, M"]
[Black "Giri, A"]
[Result "1/2-1/2"]
[WhiteElo "2862"]
[BlackElo "2764"]
[EventDate "2020.11.25"]
[WhiteTitle "GM"]
[BlackTitle "GM"]
[WhiteFideId "1503014"]
[BlackFideId "24116068"]

1.d4 Nf6 2.c4 e6 3.Nf3 d5 4.Nc3 Bb4 5.cxd5 exd5 6.Bf4 Ne4 7.Rc1 Nc6 8.e3 
g5 9.Bg3 h5 10.h4 Nxg3 11.fxg3 gxh4 12.Bb5 Qd6 13.gxh4 Qg3+ 14.Kf1 Rg8 15.
Rg1 Bxc3 16.Rxc3 Bd7 17.Rc5 a6 18.Ba4 Qd6 19.Bxc6 Bxc6 20.Ne5 Bb5+ 21.Ke1 
O-O-O 22.Kd2 Rde8 23.Qxh5 f6 24.Nf3 Qg3 25.Qf5+ Kb8 26.Qf4 Qf2+ 27.Kc1 
Qxe3+ 28.Qxe3 Rxe3 29.Re1 Rxe1+ 30.Nxe1 Rg4 31.Rxd5 Rxh4 32.Rf5 Rxd4 33.
Rxf6 Rg4 34.Rf2 Bc6 35.Nf3 Bd5 36.a3 b5 37.Kd2 Kb7 38.Ne5 Rxg2 39.Rxg2 
Bxg2 40.b4 a5 41.Kc3 axb4+ 42.axb4 Kb6 43.Kd4 Bh3 44.Nd3 Kc6 45.Ke5 Bg4 
46.Nc5 Bh3 47.Nb3 Kb6 48.Nc5 Kc6 49.Nb3 Kb6 50.Nc5 Kc6 1/2-1/2

[Event "Skilling Open KO 2020"]
[Site "chess24.com INT"]
[Date "2020.11.26"]
[Round "1.22"]
[White "So, W"]
[Black "Radjabov, T"]
[Result "1-0"]
[WhiteElo "2770"]
[BlackElo "2765"]
[EventDate "2020.11.25"]
[WhiteTitle "GM"]
[BlackTitle "GM"]
[WhiteFideId "5202213"]
[BlackFideId "13400924"]

1.e4 e5 2.Nf3 Nc6 3.Bc4 Bc5 4.O-O Nf6 5.d3 O-O 6.c3 d6 7.Re1 h6 8.Nbd2 a6 
9.Nf1 Re8 10.Ng3 Ba7 11.Bb3 Be6 12.Bc2 d5 13.exd5 Qxd5 14.h3 Rad8 15.Qe2 
Bc5 16.b4 Bf8 17.Bb2 Qd7 18.Qf1 Bd5 19.Re3 b5 20.a3 Re6 21.Rae1 e4 22.Nxe4
Nxe4 23.c4 Ng5 24.Nxg5 Rxe3 25.fxe3 hxg5 26.cxd5 Qxd5 27.d4 a5 28.Qd3 g6 
29.Bb3 Ne5 30.Qc3 axb4 31.axb4 Nc4 32.e4 Qd6 33.Bxc4 bxc4 34.d5 f6 35.Qxf6
Qxf6 36.Bxf6 Rb8 37.Bxg5 Bxb4 38.Rc1 c3 39.Bf6 Re8 40.Bxc3 Bc5+ 41.Kh1 
Rxe4 42.Ba5 Bb6 43.Bxb6 cxb6 44.Rc6 Kf7 45.Rxb6 Rd4 46.d6 Ke6 47.Kh2 Kf5 
48.Kg3 g5 49.Kf3 Rd3+ 50.Ke2 Rd4 51.Ke3 Rd1 52.d7 Rxd7 53.g4+ Ke5 54.Rg6 
Rh7 55.Rxg5+ Kf6 56.Rf5+ Kg6 57.Rf3 Kg5 58.Kf2 Kh4 59.Rf5 1-0

[Event "Skilling Open KO 2020"]
[Site "chess24.com INT"]
[Date "2020.11.25"]
[Round "1.12"]
[White "Giri, A"]
[Black "Carlsen, M"]
[Result "1/2-1/2"]
[WhiteElo "2764"]
[BlackElo "2862"]
[EventDate "2020.11.25"]
[WhiteTitle "GM"]
[BlackTitle "GM"]
[WhiteFideId "24116068"]
[BlackFideId "1503014"]

1.e4 c5 2.Nf3 Nc6 3.Bb5 g6 4.Bxc6 dxc6 5.d3 Qc7 6.O-O e5 7.a4 Nf6 8.a5 Nh5
9.Nc3 Be7 10.Be3 O-O 11.Nd2 Rb8 12.Ne2 Nf4 13.Nc4 Be6 14.b3 b5 15.axb6 
axb6 16.Qd2 Nxe2+ 17.Qxe2 b5 18.Nd2 Ra8 19.f3 Ra5 20.Qf2 Rfa8 21.Rac1 Qd6 
22.f4 exf4 23.Bxf4 Qd4 24.Be3 Qc3 25.Nf3 Ra1 26.Ng5 Rxc1 27.Bxc1 Rf8 28.
Qh4 Qg7 29.Qg3 Qc3 30.Qc7 Qd4+ 31.Kh1 Qd6 32.Qxd6 Bxd6 33.Nxe6 fxe6 34.
Rxf8+ Kxf8 35.c4 Kg7 36.Bg5 h6 37.Be3 g5 38.h3 Kg6 39.Kg1 e5 40.Kf2 b4 41.
Kf3 h5 42.g4 h4 43.Bf2 Kf6 44.Be3 Kg6 45.Bf2 Kf6 46.Be3 Kg6 1/2-1/2

[Event "Skilling Open KO 2020"]
[Site "chess24.com INT"]
[Date "2020.11.26"]
[Round "1.22"]
[White "Carlsen, M"]
[Black "Giri, A"]
[Result "1/2-1/2"]
[WhiteElo "2862"]
[BlackElo "2764"]
[EventDate "2020.11.25"]
[WhiteTitle "GM"]
[BlackTitle "GM"]
[WhiteFideId "1503014"]
[BlackFideId "24116068"]

1.d4 Nf6 2.c4 g6 3.g3 c6 4.Bg2 d5 5.e3 Bg7 6.Ne2 O-O 7.O-O Re8 8.Nd2 Bf5 
9.b3 Nbd7 10.Bb2 h5 11.Nf4 e6 12.h3 a5 13.a4 Qb6 14.Rc1 Rad8 15.Qe2 Bf8 
16.Rfd1 Bb4 17.c5 Qc7 18.Nf3 Be4 19.Ne5 Bxg2 20.Kxg2 Nxe5 21.dxe5 Nd7 22.
Nd3 b6 23.Nxb4 axb4 24.cxb6 Qxb6 25.e4 Qb7 26.Qf3 Nb6 27.exd5 Rxd5 28.Rxd5
Nxd5 29.Bd4 Kg7 30.h4 Qc7 31.Rc4 Kg8 32.Qe4 Qb7 33.Bc5 Kg7 34.Bd6 Rc8 35.
Kg1 Rh8 36.Qd4 Rc8 37.Rc5 Qa6 38.Qc4 Qa8 39.Kf1 Qb7 40.Ra5 c5 41.Rxc5 Nc3 
42.Kg1 Rxc5 43.Bxc5 Qf3 44.a5 Ne4 45.a6 Nxc5 46.Qxc5 Qxb3 47.a7 Qb1+ 48.
Kh2 Qa2 49.g4 hxg4 50.h5 gxh5 51.Qe3 Qa5 52.Qg5+ Kf8 53.Qh6+ Kg8 54.Qg5+ 
Kf8 55.Qh6+ Kg8 56.Qg5+ Kf8 1/2-1/2

[Event "Skilling Open KO 2020"]
[Site "chess24.com INT"]
[Date "2020.11.25"]
[Round "1.13"]
[White "So, W"]
[Black "Radjabov, T"]
[Result "0-1"]
[WhiteElo "2770"]
[BlackElo "2765"]
[EventDate "2020.11.25"]
[WhiteTitle "GM"]
[BlackTitle "GM"]
[WhiteFideId "5202213"]
[BlackFideId "13400924"]

1.c4 Nf6 2.Nc3 e5 3.Nf3 Nc6 4.e3 Bb4 5.Qc2 O-O 6.Nd5 Re8 7.Qf5 d6 8.Nxf6+ 
Qxf6 9.Qxf6 gxf6 10.a3 Bc5 11.b4 Bb6 12.Bb2 a6 13.O-O-O Bf5 14.Rg1 Ne7 15.
d4 Be4 16.Nd2 Bg6 17.Nf3 a5 18.b5 c6 19.a4 cxb5 20.axb5 a4 21.Ba3 exd4 22.
exd4 Nd5 23.Kb2 Ba5 24.Bxd6 Nc3 25.Rc1 Ne4 26.Bg3 a3+ 27.Ka2 Nc3+ 28.Kxa3 
Bb4+ 29.Kxb4 Na2+ 30.Kc5 Re6 31.b6 Ra5# 0-1

[Event "Skilling Open KO 2020"]
[Site "chess24.com INT"]
[Date "2020.11.25"]
[Round "1.13"]
[White "Aronian, L"]
[Black "Nepomniachtchi, I"]
[Result "1-0"]
[WhiteElo "2781"]
[BlackElo "2784"]
[EventDate "2020.11.25"]
[WhiteTitle "GM"]
[BlackTitle "GM"]
[WhiteFideId "13300474"]
[BlackFideId "4168119"]

1.d4 Nf6 2.Nf3 g6 3.Nc3 d5 4.Bf4 Bg7 5.e3 O-O 6.Nb5 Na6 7.h3 Ne4 8.c3 c6 
9.Na3 Nc7 10.Be2 Ne8 11.O-O N8d6 12.c4 dxc4 13.Nxc4 Be6 14.Rc1 Nxc4 15.
Bxc4 Bxc4 16.Rxc4 Qd5 17.Qe2 Nd6 18.Bxd6 exd6 19.b4 Rfe8 20.a4 a5 21.bxa5 
Rxa5 22.Rb1 c5 23.Qc2 Qc6 24.Qb3 Rea8 25.dxc5 Rxc5 26.Rf4 Rc1+ 27.Rxc1 
Qxc1+ 28.Kh2 Qc7 29.g3 h6 30.h4 Ra5 31.Rb4 Qc3 32.Qb1 Rf5 33.Kg2 Qc6 34.e4
Ra5 35.Rb6 Qc4 36.Rxd6 Rxa4 37.Rd8+ Kh7 38.Qxb7 Ra1 39.Nh2 Re1 40.Re8 Re2 
41.h5 gxh5 42.Qd7 Bd4 43.Ng4 hxg4 44.Qf5+ Kg7 45.Qxg4+ Kf6 46.e5+ Rxe5 47.
Qf4+ Kg6 48.Rxe5 Qc6+ 49.Qe4+ Qxe4+ 50.Rxe4 Bb2 51.Rg4+ Kh7 52.Rf4 Kg6 53.
g4 Bc1 54.Rf5 Bg5 55.Rb5 Bh4 56.f3 Bg5 57.Rb6+ Kg7 58.Kf2 Bd8 59.Rb5 Bg5 
60.Ke2 Kg6 61.Kd3 Bc1 62.Ke4 Kf6 63.Rc5 Bd2 64.Rc2 Be1 65.Rc6+ Kg7 66.Kf5 
Bg3 67.Ra6 Bh2 68.Ra7 Bg3 69.f4 Bf2 70.Rd7 Be1 71.Rc7 Ba5 72.Rc6 Bd8 73.
Ke5 Be7 74.Rc7 Bd8 75.Rd7 Ba5 76.Rd5 Bc3+ 77.Kd6 Bb4+ 78.Kd7 Kf8 79.Rd3 
Be1 80.Rd6 Bg3 81.Rf6 Kg7 82.Rf5 Kf8 83.Kd6 Bh2 84.Ke5 Bg1 85.Rh5 Kg7 86.
g5 1-0